00662nam a2200229 k 4500001001300000005001500013008004100028020003300069040001900102049001700121056001300138090002000151100001400171245008700185260002500272300001600297440002600313653004100339700001400380740002700394950001100421KMO20260095420260331091044260328s2025 ggk 000 f kor a9791194523734g03810c\16800 a146043c1460430 lMEM000012531 a813.726 a813.7b정34ㅇ1 a정명섭10a유령 전쟁b1952, 사라진 아이들b정명섭 장편소설d정명섭 지음 a파주b싱긋c2025 a271p.c20cm00a싱긋나이트노블 a유령a전쟁a한국소설a역사1 a정명섭02a정명섭 장편소설0 b\16800 |
|---|